Reglamento de construcciones para el Distrito Federal / Luis Arnal Simón (Registro nro. 13467)
[ vista simple ]
| 000 -LÍDER | |
|---|---|
| fixed length control field | 00461nam a2200157 4500 |
| 008 - ELEMENTOS DE LONGITUD FIJA -- INFORMACIÓN GENERAL | |
| fixed length control field | 02001 1991 0a 000 0MEX |
| 020 ## - NÚMERO INTERNACIONAL NORMALIZADO PARA LIBROS | |
| ISBN | 968-24-5995-8 |
| 050 ## - SIGNATURA TOPOGRAFICA DE LA BIBLIOTECA DEL CONGRESO (LC) | |
| Número de Clasificación | TH23.5 A22 1999 |
| 082 ## - NUMERO DE CLASIFICACION DECIMAL DEWEY | |
| Número de Clasificación | 352.92 A779r |
| 100 ## - ASIENTO PRINCIPAL--NOMBRE PERSONAL | |
| Nombre personal | Arnal, Simón, Luis |
| 245 ## - TÍTULO | |
| Título | Reglamento de construcciones para el Distrito Federal / Luis Arnal Simón |
| 250 ## - MENCIÓN DE EDICIÓN | |
| Mención de edición | 4 |
| 260 ## - PUBLICACIÓN, DISTRIBUCIÓN, ETC. (PIE DE IMPRENTA) | |
| Lugar de publicación, distribución, etc. | México : Trillas |
| 300 ## - DESCRIPCIÓN FÍSICA | |
| Extensión | 811 p./ 23cm |
| 700 ## - ASIENTO SECUNDARIO - NOMBRE PERSONAL | |
| Nombre personal | Betancourt, Su rez, Max, Coaut. |
| No. biblioteca | No. biblioteca | Número de clasificación | Código de barras/Número de adquisición | Número de copia | Tipo de material |
|---|---|---|---|---|---|
| LUIS G. INCLAN | LUIS G. INCLAN | 352.92 A779r | 39342 | 10 | Libros |
| LUIS G. INCLAN | LUIS G. INCLAN | 352.92 A779r | 39343 | 11 | Libros |
| LUIS G. INCLAN | LUIS G. INCLAN | 352.92 A779r | 39344 | 12 | Libros |
| LUIS G. INCLAN | LUIS G. INCLAN | 352.92 A779r | 39345 | 13 | Libros |
| LUIS G. INCLAN | LUIS G. INCLAN | 352.92 A779r | 39346 | 14 | Libros |
| LUIS G. INCLAN | LUIS G. INCLAN | 352.92 A779r | 39347 | 15 | Libros |
| LUIS G. INCLAN | LUIS G. INCLAN | 352.92 A779r | 41879 | 17 | Libros |
| LUIS G. INCLAN | LUIS G. INCLAN | 352.92 A779r | 41880 | 18 | Libros |
| LUIS G. INCLAN | LUIS G. INCLAN | 352.92 A779r | 41881 | 19 | Libros |
| LUIS G. INCLAN | LUIS G. INCLAN | 352.92 A779r | 41882 | 20 | Libros |
| LUIS G. INCLAN | LUIS G. INCLAN | 352.92 A779r | 41883 | 21 | Libros |
| LUIS G. INCLAN | LUIS G. INCLAN | 352.92 A779r | 36459 | 1 | Libros |
| LUIS G. INCLAN | LUIS G. INCLAN | 352.92 A779r | 36460 | 2 | Libros |
| LUIS G. INCLAN | LUIS G. INCLAN | 352.92 A779r | 37195 | 3 | Libros |
| LUIS G. INCLAN | LUIS G. INCLAN | 352.92 A779r | 37196 | 4 | Libros |
| LUIS G. INCLAN | LUIS G. INCLAN | 352.92 A779r | 37198 | 6 | Libros |
| LUIS G. INCLAN | LUIS G. INCLAN | 352.92 A779r | 37199 | 7 | Libros |
| LUIS G. INCLAN | LUIS G. INCLAN | 352.92 A779r | 37585 | 8 | Libros |
| LUIS G. INCLAN | LUIS G. INCLAN | 352.92 A779r | 37586 | 9 | Libros |
| LUIS G. INCLAN | LUIS G. INCLAN | 352.92 A779r | 43506 | 22 | Libros |
| LUIS G. INCLAN | LUIS G. INCLAN | 352.92 A779r | 43507 | 23 | Libros |
| LUIS G. INCLAN | LUIS G. INCLAN | 352.92 A779r | 44368 | 24 | Libros |
| LUIS G. INCLAN | LUIS G. INCLAN | 352.92 A779r | 44369 | 25 | Libros |
| LUIS G. INCLAN | LUIS G. INCLAN | 352.92 A779r | 44370 | 26 | Libros |
| LUIS G. INCLAN | LUIS G. INCLAN | 352.92 A779r | 44371 | 27 | Libros |
